| 000 -ლიდერი |
| ფიქსირებული სიგრძის საკონტროლო ველი |
01415nam a22002177a 4500 |
| 003 - საკონტროლო ნომრის იდენტიფიკატორი |
| საკონტროლო ველი |
Ge_BSU |
| 005 - ბოლო ოპერაციის თარიღი და დრო |
| საკონტროლო ველი |
20221221160322.0 |
| 008 - ფიქსირებული სიგრძის მონაცემთა ელემენტები - ზოგადი ინფორმაცია |
| ფიქსირებული სიგრძის საკონტროლო ველი |
210325s2019 ge ||||| |||| 00| 0 geo d |
| 041 ## - ენის კოდი |
| Language code of text/sound track or separate title |
geo |
| 080 ## - უნივერსალური ათობითი კლასიფიკაციის ინდექსი |
| Universal Decimal Classification number |
81 დ-28 |
| 100 ## - მთავარი ჩანაწერი - პიროვნების სახელი |
| Personal name |
დევაძე, მარინა |
| 9 (RLIN) |
10742 |
| 245 ## - ცნობა სათაურის შესახებ |
| Title |
ვერბალური ქცევის გენდერული თავისებურებანი / |
| Statement of responsibility, etc |
მარინა დევაძე; სამ. ხელმძვღ. ასმათ არძენაძე; ბათუმის შოთა რუსთაველის სახ. უნ-ტი ჰუმანიტარულ მეცნიერებათა ფაკ-ტი. ევროპეისტიკის დეპ-ტი. |
| 264 ## - წარმოების, გამოცემის, დისტრიბუციის და სხვა ცნობები |
| გამოცემის, წარმოების, დისტრიბუციის... ადგილი |
ბათუმი, |
| გამოცემის, წარმოების, დისტრიბუციის... თარიღი |
2019. |
| 300 ## - ფიზიკური აღწერა |
| Extent |
150 გვ.; |
| Other physical details |
30 სმ. |
| 653 ## - INDEX TERM--UNCONTROLLED |
| Uncontrolled term |
ლინგვისტიკა |
| 653 ## - INDEX TERM--UNCONTROLLED |
| Uncontrolled term |
თარგმანმცოდნეობა |
| 653 ## - INDEX TERM--UNCONTROLLED |
| Uncontrolled term |
დისერტაცია |
| 700 ## - ADDED ENTRY--PERSONAL NAME |
| Personal name |
არძენაძე, ასმათ |
| Relator term |
სამეცნ. ხელმძვღვანელი |
| 9 (RLIN) |
9912 |
| 710 ## - ADDED ENTRY--CORPORATE NAME |
| Corporate name or jurisdiction name as entry element |
ბათუმის შოთა რუსთაველის სახ. უნ-ტი. |
| Subordinate unit |
ჰუმანიტარულ მეცნიერებათა ფაკ-ტი. ევროპეისტიკის დეპ-ტი. |
| 9 (RLIN) |
10743 |
| 942 ## - ADDED ENTRY ELEMENTS (KOHA) |
| Source of classification or shelving scheme |
|
| Koha item type |
დისერტაცია |